[Event "5. Abierto Ciudad de Dos Hermanas"]
[Site "Dos Hermanas ESP"]
[Date "2006.04.01"]
[Round "3.7"]
[White "Pogorelov, Ruslan"]
[Black "Campora, Daniel H"]
[Result "0-1"]
[WhiteElo "2402"]
[BlackElo "2541"]
[PlyCount "75"]
[EventDate "2006.03.30"]
[EventType "swiss"]
[EventRounds "9"]
[EventCountry "ESP"]
[Source "lmi"]
[SourceDate "2006.04.07"]

1. Nf3 Nf6 2. c4 c5 3. Nc3 Nc6 4. d4 cxd4 5. Nxd4 d6 6. e4 g6 7. Be2 Bg7 8. Be3
O-O 9. O-O Bd7 10. Qd2 Nxd4 11. Bxd4 Bc6 12. f3 b6 13. b4 Nh5 14. Bxg7 Nxg7 15.
a4 a5 16. Nd5 e6 17. Ne3 axb4 18. Qxb4 Qc7 19. Rfd1 Rfd8 20. Rd3 Ne8 21. Bd1
Ra5 22. Nc2 Bd7 23. Nd4 Rc5 24. Bb3 Ra8 25. Nb5 Bxb5 26. cxb5 Rc8 27. Rad1 h5
28. g3 Rc1 29. Kg2 Qc5 30. Qxc5 R1xc5 31. Kf2 Kf8 32. Ke3 Ke7 33. h4 f5 34.
exf5 gxf5 35. Kf4 Kf6 36. g4 hxg4 37. fxg4 fxg4 38. Kxg4 0-1

[Event "5. Abierto Ciudad de Dos Hermanas"]
[Site "Dos Hermanas ESP"]
[Date "2006.04.01"]
[Round "3.8"]
[White "Dizdar, Goran"]
[Black "Alexandrova, Olga"]
[Result "1/2-1/2"]
[WhiteElo "2531"]
[BlackElo "2372"]
[PlyCount "75"]
[EventDate "2006.03.30"]
[EventType "swiss"]
[EventRounds "9"]
[EventCountry "ESP"]
[Source "lmi"]
[SourceDate "2006.04.07"]

1. d4 Nf6 2. Nf3 e6 3. c4 b6 4. e3 Bb7 5. Nc3 Be7 6. Bd3 d5 7. cxd5 exd5 8. O-O
O-O 9. b3 a6 10. Bb2 Bd6 11. Rc1 Nbd7 12. Ne2 Qe7 13. Rc2 Ne4 14. Nf4 Rfe8 15.
Qa1 Rac8 16. Rfc1 f6 17. Bf1 Qf7 18. g3 g5 19. Nd3 h5 20. Bg2 Nf8 21. a4 Qe7
22. b4 Ng6 23. Qa2 Qe6 24. Nd2 Kg7 25. Qb3 Rb8 26. b5 axb5 27. axb5 Ra8 28. Nb4
Kh6 29. Nc6 Bxc6 30. Nxe4 dxe4 31. Qxe6 Rxe6 32. Rxc6 Ne7 33. R6c2 f5 34. Bf1
f4 35. Bc4 Rg6 36. Bf7 Rf6 37. Bb3 fxe3 38. fxe3 1/2-1/2

[Event "5. Abierto Ciudad de Dos Hermanas"]
[Site "Dos Hermanas ESP"]
[Date "2006.04.01"]
[Round "3.9"]
[White "Dias, Paulo"]
[Black "Burmakin, Vladimir"]
[Result "0-1"]
[WhiteElo "2370"]
[BlackElo "2519"]
[PlyCount "90"]
[EventDate "2006.03.30"]
[EventType "swiss"]
[EventRounds "9"]
[EventCountry "ESP"]
[Source "lmi"]
[SourceDate "2006.04.07"]

1. d4 d5 2. c4 c6 3. Nc3 Nf6 4. Nf3 a6 5. cxd5 cxd5 6. Bf4 e6 7. e3 Bd6 8. Bxd6
Qxd6 9. Bd3 b5 10. O-O Bb7 11. a4 b4 12. Na2 Nc6 13. Nc1 Na5 14. Nb3 Nxb3 15.
Qxb3 a5 16. Bb5+ Ke7 17. Rfc1 Rhc8 18. Ne5 Rc7 19. Rxc7+ Qxc7 20. Nd3 Rc8 21.
f3 Qb6 22. Qd1 Ba6 23. Bxa6 Qxa6 24. Nc5 Qa7 25. Rc1 Nd7 26. Qc2 Rc7 27. Qxh7
Nxc5 28. Qh4+ f6 29. Qh8 Nd7 30. Qxg7+ Kd6 31. Re1 Qb8 32. h4 Rc8 33. h5 Rg8
34. Qh6 Qf8 35. Qf4+ e5 36. Qh2 Qh6 37. Kf2 Rc8 38. Re2 Ke7 39. g4 b3 40. f4
Rc2 41. dxe5 fxe5 42. g5 Qa6 43. Ke1 Qd3 44. f5 Qxf5 45. Rxc2 bxc2 0-1

[Event "5. Abierto Ciudad de Dos Hermanas"]
[Site "Dos Hermanas ESP"]
[Date "2006.04.01"]
[Round "3.10"]
[White "Recuero Guerra, David"]
[Black "Neelotpal, Das"]
[Result "1-0"]
[WhiteElo "2315"]
[BlackElo "2512"]
[PlyCount "77"]
[EventDate "2006.03.30"]
[EventType "swiss"]
[EventRounds "9"]
[EventCountry "ESP"]
[Source "lmi"]
[SourceDate "2006.04.07"]

1. e4 c5 2. Nf3 d6 3. d4 cxd4 4. Nxd4 Nf6 5. f3 Nc6 6. c4 Qb6 7. Nc2 e6 8. Nc3
Be7 9. a3 O-O 10. Be3 Qc7 11. Rc1 Rd8 12. Qd2 b6 13. Be2 Bb7 14. O-O Rd7 15.
Bf2 Qd8 16. Ne3 h5 17. f4 Rc8 18. b4 Bf8 19. Bh4 Be7 20. Bg5 g6 21. Rcd1 Nh7
22. Bxe7 Qxe7 23. Rf3 Rcd8 24. Rg3 Kh8 25. Rf1 Nf6 26. b5 Na5 27. f5 h4 28. Rh3
exf5 29. exf5 g5 30. Ned5 Nxd5 31. Nxd5 Bxd5 32. Rxh4+ Kg8 33. f6 Qe5 34. Rh5
Nb3 35. Rxg5+ Kf8 36. Rxe5 Nxd2 37. Rh5 Kg8 38. Rf4 Be4 39. Rfh4 1-0

[Event "5. Abierto Ciudad de Dos Hermanas"]
[Site "Dos Hermanas ESP"]
[Date "2006.04.01"]
[Round "3.11"]
[White "Matamoros Franco, Carlos S"]
[Black "Garcia Luque, Agustin"]
[Result "1/2-1/2"]
[WhiteElo "2510"]
[BlackElo "2355"]
[PlyCount "25"]
[EventDate "2006.03.30"]
[EventType "swiss"]
[EventRounds "9"]
[EventCountry "ESP"]
[Source "lmi"]
[SourceDate "2006.04.07"]

1. c4 Nf6 2. g3 g6 3. Bg2 Bg7 4. Nc3 O-O 5. d4 c6 6. e4 d6 7. Nf3 a6 8. O-O b5
9. e5 Ne8 10. c5 d5 11. Bf4 Nc7 12. Qd2 Bg4 13. Bh6 1/2-1/2

[Event "5. Abierto Ciudad de Dos Hermanas"]
[Site "Dos Hermanas ESP"]
[Date "2006.04.01"]
[Round "3.12"]
[White "Khamrakulov, Ibragim S"]
[Black "Vila Gazquez, Javier"]
[Result "1/2-1/2"]
[WhiteElo "2499"]
[BlackElo "2317"]
[PlyCount "125"]
[EventDate "2006.03.30"]
[EventType "swiss"]
[EventRounds "9"]
[EventCountry "ESP"]
[Source "lmi"]
[SourceDate "2006.04.07"]

1. e4 c5 2. c3 b6 3. d4 Bb7 4. Nd2 cxd4 5. cxd4 Nf6 6. e5 Nd5 7. Ngf3 e6 8. Bc4
Be7 9. O-O O-O 10. Re1 f5 11. exf6 Nxf6 12. Ne5 Nc6 13. Ndf3 Nxe5 14. dxe5 Ng4
15. h3 Nxf2 16. Kxf2 Bh4+ 17. Kg1 Bxf3 18. gxf3 Bxe1 19. Qxe1 Rxf3 20. Kg2 Qf8
21. Qe4 Rf2+ 22. Kg3 Rc8 23. Bd3 Rf5 24. Be3 d5 25. Qg4 Rxe5 26. Bd4 Rf5 27.
Bxf5 exf5 28. Qf4 Re8 29. Be5 Qf7 30. Kh2 Qh5 31. Re1 h6 32. Qg3 g5 33. Qd3 Qf7
34. Qd4 Kh7 35. Rc1 Re7 36. Kg1 Qe6 37. Re1 Qc6 38. b4 Qc4 39. Qxc4 dxc4 40. b5
f4 41. Kf2 Kg6 42. Bb8 Rd7 43. a4 h5 44. Re6+ Kf5 45. Re5+ Kf6 46. Re4 Rb7 47.
Re8 Kf7 48. Rc8 Ke6 49. h4 gxh4 50. Bxf4 Kd5 51. Rd8+ Kc5 52. Bd6+ Kd4 53. Bb4+
Ke4 54. Bc3 Rf7+ 55. Ke2 Rf4 56. Re8+ Kf5 57. Re5+ Kg6 58. Ke3 Rg4 59. Re6+ Kf5
60. Re5+ Kg6 61. Re8 h3 62. Be5 Kf5 63. Bb8 1/2-1/2

[Event "5. Abierto Ciudad de Dos Hermanas"]
[Site "Dos Hermanas ESP"]
[Date "2006.04.01"]
[Round "3.13"]
[White "Biedma Martin, Enrique"]
[Black "Lalic, Bogdan"]
[Result "1/2-1/2"]
[WhiteElo "2287"]
[BlackElo "2488"]
[PlyCount "30"]
[EventDate "2006.03.30"]
[EventType "swiss"]
[EventRounds "9"]
[EventCountry "ESP"]
[Source "lmi"]
[SourceDate "2006.04.07"]

1. c4 g6 2. Nc3 Bg7 3. Nf3 e5 4. d4 exd4 5. Nxd4 Nc6 6. Nxc6 bxc6 7. e3 Qg5 8.
g3 Ne7 9. Be2 O-O 10. O-O d6 11. e4 Qf6 12. Be3 Bh3 13. Re1 Qe6 14. Bd4 Bxd4
15. Qxd4 c5 1/2-1/2

[Event "5. Abierto Ciudad de Dos Hermanas"]
[Site "Dos Hermanas ESP"]
[Date "2006.04.01"]
[Round "3.14"]
[White "Handke, Florian"]
[Black "Barrero Garcia, Carlos"]
[Result "1/2-1/2"]
[WhiteElo "2474"]
[BlackElo "2302"]
[PlyCount "64"]
[EventDate "2006.03.30"]
[EventType "swiss"]
[EventRounds "9"]
[EventCountry "ESP"]
[Source "lmi"]
[SourceDate "2006.04.07"]

1. e4 e6 2. d4 d5 3. Nd2 Nc6 4. Ngf3 Nf6 5. e5 Nd7 6. Nb3 a5 7. a4 f6 8. Bb5
Na7 9. Bd3 c5 10. Ng5 Nxe5 11. dxe5 fxg5 12. Qh5+ Kd7 13. c4 Be7 14. Qf7 Kc6
15. O-O Kb6 16. cxd5 exd5 17. Bb5 Rf8 18. Qxg7 Bf5 19. Be3 Nxb5 20. axb5 Rg8
21. Qh6+ Rg6 22. Qxh7 Qf8 23. Nxc5 Bxc5 24. Bxc5+ Qxc5 25. Rfc1 Bc2 26. b4 axb4
27. Rxa8 b3 28. Qd7 b2 29. Re1 b1=Q 30. Rxb1 Bxb1 31. h3 g4 32. Rc8 Rc6 1/2-1/2

[Event "5. Abierto Ciudad de Dos Hermanas"]
[Site "Dos Hermanas ESP"]
[Date "2006.04.01"]
[Round "3.15"]
[White "Rodriguez Aguilera, Antonio"]
[Black "Castellanos, Renier"]
[Result "1/2-1/2"]
[WhiteElo "2231"]
[BlackElo "2467"]
[PlyCount "53"]
[EventDate "2006.03.30"]
[EventType "swiss"]
[EventRounds "9"]
[EventCountry "ESP"]
[Source "lmi"]
[SourceDate "2006.04.07"]

1. Nf3 Nf6 2. c4 e6 3. g3 b6 4. Bg2 Bb7 5. Nc3 c5 6. O-O Be7 7. b3 d6 8. Bb2 a6
9. Re1 Nbd7 10. e4 O-O 11. d4 cxd4 12. Nxd4 Qc7 13. Rc1 Rac8 14. g4 h6 15. f4
Rfe8 16. g5 hxg5 17. fxg5 Nh7 18. g6 Nhf8 19. gxf7+ Kxf7 20. Nd5 Qd8 21. Nxe7
Qxe7 22. Rc3 Kg8 23. Rg3 Ne5 24. Kh1 Nfg6 25. Nf3 Rc5 26. Nxe5 Nxe5 27. Bd4
1/2-1/2

[Event "5. Abierto Ciudad de Dos Hermanas"]
[Site "Dos Hermanas ESP"]
[Date "2006.04.01"]
[Round "3.16"]
[White "Fernandez Romero, Ernesto"]
[Black "Diaz Castro, Sergio"]
[Result "1-0"]
[WhiteElo "2460"]
[BlackElo "2241"]
[PlyCount "43"]
[EventDate "2006.03.30"]
[EventType "swiss"]
[EventRounds "9"]
[EventCountry "ESP"]
[Source "lmi"]
[SourceDate "2006.04.07"]

1. e4 g6 2. d4 Bg7 3. Nc3 c6 4. h3 d5 5. Nf3 Nf6 6. e5 Ne4 7. Nxe4 dxe4 8. Ng5
c5 9. Bc4 O-O 10. c3 cxd4 11. cxd4 Nc6 12. Be3 b5 13. Bb3 Bb7 14. h4 Qa5+ 15.
Kf1 Rad8 16. h5 Nxd4 17. Bxd4 Qb4 18. hxg6 hxg6 19. Qg4 Rxd4 20. Qh3 Rfd8 21.
Bxf7+ Kf8 22. Qh8+ 1-0

[Event "5. Abierto Ciudad de Dos Hermanas"]
[Site "Dos Hermanas ESP"]
[Date "2006.04.01"]
[Round "3.17"]
[White "Prados Montaño, Antonio"]
[Black "Colovic, Aleksandar"]
[Result "0-1"]
[WhiteElo "2203"]
[BlackElo "2459"]
[PlyCount "52"]
[EventDate "2006.03.30"]
[EventType "swiss"]
[EventRounds "9"]
[EventCountry "ESP"]
[Source "lmi"]
[SourceDate "2006.04.07"]

1. e4 c5 2. Nc3 e6 3. g3 d5 4. d3 Nc6 5. Bg2 Nf6 6. f4 Be7 7. e5 Nd7 8. Nf3 O-O
9. O-O f6 10. exf6 Nxf6 11. Re1 Bd6 12. Ng5 Nd4 13. Be3 h6 14. Nh3 Bd7 15. Kh1
Qc7 16. g4 Nxc2 17. Qxc2 d4 18. g5 Ng4 19. Nd5 exd5 20. Bxd5+ Kh8 21. gxh6 Nxh6
22. Bxd4 cxd4 23. Qxc7 Bxc7 24. Re7 Bxh3 25. Rg1 Bd8 26. Rexg7 Ng4 0-1

[Event "5. Abierto Ciudad de Dos Hermanas"]
[Site "Dos Hermanas ESP"]
[Date "2006.04.01"]
[Round "3.18"]
[White "De La Villa Garcia, Jesus M"]
[Black "Ortega Valle, Jose Ramon"]
[Result "1-0"]
[WhiteElo "2451"]
[BlackElo "2226"]
[PlyCount "57"]
[EventDate "2006.03.30"]
[EventType "swiss"]
[EventRounds "9"]
[EventCountry "ESP"]
[Source "lmi"]
[SourceDate "2006.04.07"]

1. e4 e5 2. Nf3 Nc6 3. Bb5 f5 4. Bxc6 dxc6 5. Nc3 fxe4 6. Nxe4 Nf6 7. Qe2 Bf5
8. d3 Nxe4 9. dxe4 Bg4 10. h3 Bxf3 11. Qxf3 Bb4+ 12. c3 Bd6 13. Qf5 Qe7 14. Bg5
Qf7 15. Qxf7+ Kxf7 16. Ke2 a5 17. Be3 a4 18. c4 Ra5 19. Rhd1 Ke6 20. Rd3 Rb8
21. Rc1 c5 22. Bd2 Ra6 23. Rc2 b5 24. cxb5 Rxb5 25. Rdc3 Rab6 26. Bc1 Rb4 27.
Rc4 Rxc4 28. Rxc4 Rb4 29. Kd3 1-0

[Event "5. Abierto Ciudad de Dos Hermanas"]
[Site "Dos Hermanas ESP"]
[Date "2006.04.01"]
[Round "3.19"]
[White "Justiniano Marquez, Marco Antonio"]
[Black "Teran Alvarez, Ismael"]
[Result "1/2-1/2"]
[WhiteElo "2171"]
[BlackElo "2446"]
[PlyCount "86"]
[EventDate "2006.03.30"]
[EventType "swiss"]
[EventRounds "9"]
[EventCountry "ESP"]
[Source "lmi"]
[SourceDate "2006.04.07"]

1. d4 g6 2. g3 Bg7 3. Bg2 Nf6 4. Nf3 O-O 5. O-O d6 6. c3 Nbd7 7. Nbd2 e5 8. Qc2
Qe7 9. dxe5 dxe5 10. e4 a5 11. a4 b6 12. b4 Bb7 13. b5 Nc5 14. Ba3 Rfd8 15.
Rfe1 Bf8 16. Nb3 Nfd7 17. Rad1 Qe6 18. Nxc5 Bxc5 19. Bxc5 Nxc5 20. Nd2 Rd6 21.
Nf1 Rad8 22. Ne3 Rxd1 23. Rxd1 Rxd1+ 24. Qxd1 Kg7 25. Qd8 Bxe4 26. Bxe4 Nxe4
27. Qxc7 Nc5 28. c4 Nxa4 29. Nd5 e4 30. Qc6 Qe5 31. h4 h5 32. Nxb6 e3 33. Nd7
Qa1+ 34. Kg2 e2 35. Qd6 e1=Q 36. Qf8+ Kh7 37. Qxf7+ Kh6 38. Qf4+ Kh7 39. Qf7+
Kh8 40. Qf8+ Kh7 41. Qf7+ Kh6 42. Qf4+ Kg7 43. Qf8+ Kh7 1/2-1/2

[Event "5. Abierto Ciudad de Dos Hermanas"]
[Site "Dos Hermanas ESP"]
[Date "2006.04.01"]
[Round "3.20"]
[White "Epishin, Vladimir"]
[Black "Vega Gutierrez, Sabrina Neide"]
[Result "1-0"]
[WhiteElo "2553"]
[BlackElo "2180"]
[PlyCount "73"]
[EventDate "2006.03.30"]
[EventType "swiss"]
[EventRounds "9"]
[EventCountry "ESP"]
[Source "lmi"]
[SourceDate "2006.04.07"]

1. d4 d5 2. c4 e6 3. Nf3 c6 4. e3 Nf6 5. Nc3 Nbd7 6. a3 Bd6 7. g4 h6 8. Rg1 e5
9. cxd5 cxd5 10. h4 e4 11. Nd2 Nb6 12. g5 hxg5 13. hxg5 Ng8 14. f3 f5 15. a4 a5
16. fxe4 fxe4 17. Bb5+ Bd7 18. Qg4 Ke7 19. Qe2 Rh2 20. Rg2 Rh1+ 21. Nf1 Bh3 22.
Bd2 Qc8 23. O-O-O Bxg2 24. Qxg2 Qh3 25. Nxd5+ Nxd5 26. Qxe4+ Qe6 27. Qxh1 Rc8+
28. Kb1 Bb4 29. Ng3 Kd8 30. Qe4 Qxe4+ 31. Nxe4 Bxd2 32. Rxd2 Nxe3 33. Nd6 Rb8
34. d5 Ke7 35. Ne4 b6 36. Re2 Nxd5 37. Nc3+ 1-0

[Event "5. Abierto Ciudad de Dos Hermanas"]
[Site "Dos Hermanas ESP"]
[Date "2006.04.02"]
[Round "4.1"]
[White "Colovic, Aleksandar"]
[Black "Korneev, Oleg"]
[Result "1/2-1/2"]
[WhiteElo "2459"]
[BlackElo "2649"]
[PlyCount "113"]
[EventDate "2006.03.30"]
[EventType "swiss"]
[EventRounds "9"]
[EventCountry "ESP"]
[Source "lmi"]
[SourceDate "2006.04.07"]

1. d4 Nf6 2. c4 e6 3. Nc3 Bb4 4. Qc2 O-O 5. e4 d5 6. e5 Ne4 7. Bd3 c5 8. cxd5
exd5 9. Nge2 Nc6 10. O-O Nxd4 11. Nxd4 cxd4 12. Nxe4 dxe4 13. Bxe4 h6 14. Bf4
Qb6 15. Qb3 Re8 16. Qf3 Bf8 17. b3 a5 18. Rad1 a4 19. Rd3 axb3 20. axb3 Ra3 21.
Rb1 Rd8 22. h3 Be6 23. Kh2 Ra2 24. Bxh6 Ra5 25. Bg5 Rd7 26. Qh5 g6 27. Qf3 Rxe5
28. Bf4 Rxe4 29. Qxe4 Bf5 30. Qf3 Bxd3 31. Qxd3 Bd6 32. Bxd6 Qxd6+ 33. g3 Qd5
34. Rc1 Kg7 35. b4 Qa2 36. Kg2 Qb2 37. Rb1 Qa2 38. b5 b6 39. h4 Rd6 40. Re1
Qd5+ 41. Kg1 Qc5 42. Re4 Rd5 43. Rf4 f5 44. Kg2 Rd7 45. h5 Qd5+ 46. Kh2 Rd8 47.
Kg1 Qe5 48. hxg6 Kxg6 49. Rg4+ Kf7 50. Rh4 Rd6 51. Qc4+ Qd5 52. Qc7+ Rd7 53.
Rh7+ Ke6 54. Rh6+ Ke7 55. Rh7+ Ke6 56. Rh6+ Ke7 57. Rh7+ 1/2-1/2

[Event "5. Abierto Ciudad de Dos Hermanas"]
[Site "Dos Hermanas ESP"]
[Date "2006.04.02"]
[Round "4.2"]
[White "Caruana, Fabiano"]
[Black "Cheparinov, Ivan"]
[Result "1/2-1/2"]
[WhiteElo "2409"]
[BlackElo "2625"]
[PlyCount "92"]
[EventDate "2006.03.30"]
[EventType "swiss"]
[EventRounds "9"]
[EventCountry "ESP"]
[Source "lmi"]
[SourceDate "2006.04.07"]

1. e4 e6 2. d4 d5 3. Nc3 Bb4 4. e5 c5 5. a3 Bxc3+ 6. bxc3 Nc6 7. Nf3 Qa5 8. Bd2
Qa4 9. Qb1 c4 10. h4 Bd7 11. h5 h6 12. g3 O-O-O 13. Bh3 Nge7 14. O-O Rdg8 15.
Qd1 Kb8 16. Ra2 Nc8 17. Nh4 Nb6 18. Qf3 Be8 19. Qe2 Bd7 20. Kh2 Qa5 21. g4 Na4
22. f4 Qd8 23. Ng2 g6 24. f5 gxf5 25. gxf5 exf5 26. Bxf5 Bxf5 27. Rxf5 Rg7 28.
Rf6 Qb6 29. e6 fxe6 30. Rxe6 a6 31. Ra1 Qc7+ 32. Kh1 Ka7 33. Rg6 Rxg6 34. hxg6
Qg3 35. Nf4 Nxc3 36. Qg2 Qxg2+ 37. Kxg2 Ne4 38. Be3 Ne7 39. Rh1 Rg8 40. Rxh6
Nf5 41. Rh3 Ng5 42. Rh5 Nxe3+ 43. Kf2 Ng4+ 44. Kg3 Ne6 45. Nxe6 Rxg6 46. Nf4
Rg8 1/2-1/2

[Event "5. Abierto Ciudad de Dos Hermanas"]
[Site "Dos Hermanas ESP"]
[Date "2006.04.02"]
[Round "4.3"]
[White "Illescas Cordoba, Miguel"]
[Black "Fernandez Romero, Ernesto"]
[Result "1/2-1/2"]
[WhiteElo "2608"]
[BlackElo "2460"]
[PlyCount "160"]
[EventDate "2006.03.30"]
[EventType "swiss"]
[EventRounds "9"]
[EventCountry "ESP"]
[Source "lmi"]
[SourceDate "2006.04.07"]

1. d4 d5 2. c4 c6 3. Nc3 Nf6 4. e3 a6 5. Qc2 g6 6. Bd3 Bg7 7. Nf3 O-O 8. O-O
Nbd7 9. cxd5 Nxd5 10. Nxd5 cxd5 11. Qb3 Nb8 12. Bd2 Nc6 13. Rfc1 Re8 14. Rc5 e6
15. Rac1 f5 16. Bf1 Ra7 17. Ne1 Bd7 18. Nd3 Bf8 19. R5c2 Bd6 20. Nc5 Qe7 21. a3
Rb8 22. g3 Raa8 23. Bg2 Nd8 24. Bb4 Bc6 25. Nd3 Bxb4 26. Nxb4 Rc8 27. Nd3 Nf7
28. Rc3 Qe8 29. h4 Nd6 30. Qd1 Bb5 31. Nf4 Rxc3 32. Rxc3 Rc8 33. Qc1 Bc6 34. b3
h6 35. a4 g5 36. hxg5 hxg5 37. Nd3 Nf7 38. b4 Bd7 39. a5 Rxc3 40. Qxc3 Bb5 41.
Nc5 Nd6 42. f3 Bc4 43. Qc1 e5 44. Qa1 e4 45. Kf2 exf3 46. Bxf3 Ne4+ 47. Bxe4
fxe4 48. Qh1 Kg7 49. g4 Qf7+ 50. Ke1 Bb5 51. Qg2 Qe7 52. Kd2 Qd6 53. Kc3 b6 54.
axb6 Qxb6 55. Qh2 Qf6 56. Qb8 Qf1 57. Qc7+ Kh6 58. Qd6+ Kh7 59. Qh2+ Kg8 60.
Qb8+ Kh7 61. Qc7+ Kh6 62. Qd6+ Kh7 63. Qe7+ Kg6 64. Qe6+ Kg7 65. Qe5+ Kg6 66.
Qd6+ Kh7 67. Qh2+ Kg8 68. Kd2 Qf7 69. Qg2 Kg7 70. Ke1 Qf6 71. Qh2 Qf1+ 72. Kd2
Kg8 73. Qb8+ Kh7 74. Qc7+ Kg6 75. Qh2 Qf6 76. Kc3 Qf1 77. Qh5+ Kf6 78. Qh6+ Kf7
79. Qh7+ Kf6 80. Qh6+ Kf7 1/2-1/2

[Event "5. Abierto Ciudad de Dos Hermanas"]
[Site "Dos Hermanas ESP"]
[Date "2006.04.02"]
[Round "4.4"]
[White "Spraggett, Kevin"]
[Black "De La Villa Garcia, Jesus M"]
[Result "0-1"]
[WhiteElo "2581"]
[BlackElo "2451"]
[PlyCount "44"]
[EventDate "2006.03.30"]
[EventType "swiss"]
[EventRounds "9"]
[EventCountry "ESP"]
[Source "lmi"]
[SourceDate "2006.04.07"]

1. e4 c5 2. Nf3 Nf6 3. Nc3 d5 4. exd5 Nxd5 5. Bb5+ Bd7 6. Ne5 Bxb5 7. Qf3 f6 8.
Nxb5 Na6 9. Qh5+ g6 10. Nxg6 hxg6 11. Qxh8 Qd7 12. Nc3 Qe6+ 13. Kf1 Nab4 14.
Qh4 Qa6+ 15. Kg1 Nxc2 16. Rb1 Nd4 17. h3 e6 18. d3 O-O-O 19. Qg4 Qxd3 20. Qe4
Qc4 21. Qe1 Nxc3 22. bxc3 Nc2 0-1

[Event "5. Abierto Ciudad de Dos Hermanas"]
[Site "Dos Hermanas ESP"]
[Date "2006.04.02"]
[Round "4.5"]
[White "Campora, Daniel H"]
[Black "Tissir, Mohamed"]
[Result "1-0"]
[WhiteElo "2541"]
[BlackElo "2444"]
[PlyCount "111"]
[EventDate "2006.03.30"]
[EventType "swiss"]
[EventRounds "9"]
[EventCountry "ESP"]
[Source "lmi"]
[SourceDate "2006.04.07"]

1. e4 c5 2. Nf3 e6 3. d4 cxd4 4. Nxd4 Nf6 5. Bd3 Nc6 6. Nxc6 bxc6 7. O-O d5 8.
Nd2 Qc7 9. c4 Bd6 10. exd5 Bxh2+ 11. Kh1 Bd6 12. Ne4 Nxe4 13. Bxe4 exd5 14.
cxd5 Qe7 15. Kg1 O-O 16. Re1 f5 17. Bc2 Qh4 18. f4 Bc5+ 19. Be3 Bxe3+ 20. Rxe3
Qxf4 21. Rc3 c5 22. Bb3 Bb7 23. Qd3 Rac8 24. Rac1 Kh8 25. Qf1 Qe5 26. Qf2 f4
27. Rxc5 Rce8 28. Bd1 g5 29. Bf3 Bc8 30. d6 Qxd6 31. Rxg5 Bf5 32. Rc6 Qd8 33.
Rh5 Be4 34. Rch6 Rf7 35. b3 Bxf3 36. Qb2+ Kg8 37. Rg6+ Kf8 38. Qh8+ Ke7 39.
Re5+ Kd7 40. Rxe8 Qxe8 41. Rd6+ Kxd6 42. Qxe8 Bd5 43. Qd8+ Ke6 44. Qg5 f3 45.
gxf3 Bxf3 46. Kf2 Be4+ 47. Ke3 Bg6 48. b4 Rd7 49. Qc5 Kf7 50. a4 Kg7 51. b5 Rf7
52. a5 Kf6 53. a6 Rd7 54. b6 axb6 55. Qc6+ Ke7 56. Qxd7+ 1-0

[Event "5. Abierto Ciudad de Dos Hermanas"]
[Site "Dos Hermanas ESP"]
[Date "2006.04.02"]
[Round "4.6"]
[White "Burmakin, Vladimir"]
[Black "Recuero Guerra, David"]
[Result "1-0"]
[WhiteElo "2519"]
[BlackElo "2315"]
[PlyCount "57"]
[EventDate "2006.03.30"]
[EventType "swiss"]
[EventRounds "9"]
[EventCountry "ESP"]
[Source "lmi"]
[SourceDate "2006.04.07"]

1. d4 f5 2. g3 g6 3. Bg2 Nf6 4. c3 Bg7 5. Qb3 Nc6 6. Nd2 e6 7. Nh3 O-O 8. O-O
Kh8 9. Nf4 e5 10. dxe5 Nxe5 11. Nf3 Nxf3+ 12. exf3 Qe7 13. Nd3 d6 14. Re1 Qf7
15. Bg5 Qxb3 16. axb3 h6 17. Bd2 Bd7 18. Nf4 Kh7 19. Ne6 Bxe6 20. Rxe6 Rfe8 21.
Rxe8 Nxe8 22. f4 c6 23. Be3 a6 24. Bb6 Nf6 25. Rd1 Bf8 26. c4 Re8 27. Kf1 Kg7
28. h3 Kf7 29. Bf3 1-0

[Event "5. Abierto Ciudad de Dos Hermanas"]
[Site "Dos Hermanas ESP"]
[Date "2006.04.02"]
[Round "4.7"]
[White "Alexandrova, Olga"]
[Black "Epishin, Vladimir"]
[Result "1/2-1/2"]
[WhiteElo "2372"]
[BlackElo "2553"]
[PlyCount "85"]
[EventDate "2006.03.30"]
[EventType "swiss"]
[EventRounds "9"]
[EventCountry "ESP"]
[Source "lmi"]
[SourceDate "2006.04.07"]

1. d4 Nf6 2. c4 e6 3. Nf3 b6 4. e3 Bb7 5. Bd3 d5 6. Nc3 Be7 7. O-O O-O 8. cxd5
exd5 9. b3 Nbd7 10. Bb2 Re8 11. Qc2 a6 12. Ne5 Nf8 13. Ne2 c5 14. Ng3 Rc8 15.
Qe2 b5 16. Bf5 Rc7 17. Rac1 Bd6 18. Ng4 Nxg4 19. Qxg4 c4 20. bxc4 dxc4 21. e4
Bxg3 22. hxg3 b4 23. Rcd1 g6 24. d5 c3 25. Bc1 h5 26. Qf4 gxf5 27. exf5 f6 28.
d6 Rf7 29. Qxb4 Qc8 30. Rd4 c2 31. Qb3 Be4 32. Rc4 Qa8 33. Rc7 Bd5 34. Qxc2
Bxg2 35. f3 Rxc7 36. Qxc7 Rc8 37. Kxg2 Rxc7 38. dxc7 Nd7 39. Bf4 Kf7 40. Rc1
Nb6 41. Rb1 Qe8 42. Rxb6 Qe2+ 43. Kg1 1/2-1/2

[Event "5. Abierto Ciudad de Dos Hermanas"]
[Site "Dos Hermanas ESP"]
[Date "2006.04.02"]
[Round "4.8"]
[White "Garcia Luque, Agustin"]
[Black "Dizdar, Goran"]
[Result "0-1"]
[WhiteElo "2355"]
[BlackElo "2531"]
[PlyCount "85"]
[EventDate "2006.03.30"]
[EventType "swiss"]
[EventRounds "9"]
[EventCountry "ESP"]
[Source "lmi"]
[SourceDate "2006.04.07"]

1. e4 e6 2. d3 d5 3. Nd2 Nf6 4. Ngf3 Be7 5. g3 b5 6. Be2 c5 7. O-O Nc6 8. Re1
b4 9. exd5 Nxd5 10. a3 O-O 11. axb4 cxb4 12. Nc4 Bb7 13. h4 a5 14. d4 Qc7 15.
Ng5 Rad8 16. Qd3 Bxg5 17. Bxg5 Rd7 18. Bf1 h6 19. Bc1 Rc8 20. Nd2 Nf6 21. c3 e5
22. Ne4 Nxe4 23. Rxe4 exd4 24. Bf4 Qd8 25. Bh3 bxc3 26. bxc3 Rd5 27. Bxc8 Bxc8
28. Rae1 Be6 29. Bxh6 Qd7 30. Bc1 dxc3 31. Qxc3 Rd3 32. Qc2 Bf5 33. Re8+ Kh7
34. Qc5 Nd4 35. Bb2 Nf3+ 36. Kh1 f6 37. Qf8 Be4 38. Qh8+ Kg6 39. h5+ Kg5 40.
Bc1+ Rd2 41. g4 Qc7 42. Bxd2+ Kh4 43. Kg2 0-1

[Event "5. Abierto Ciudad de Dos Hermanas"]
[Site "Dos Hermanas ESP"]
[Date "2006.04.02"]
[Round "4.9"]
[White "Vila Gazquez, Javier"]
[Black "Matamoros Franco, Carlos S"]
[Result "1/2-1/2"]
[WhiteElo "2317"]
[BlackElo "2510"]
[PlyCount "69"]
[EventDate "2006.03.30"]
[EventType "swiss"]
[EventRounds "9"]
[EventCountry "ESP"]
[Source "lmi"]
[SourceDate "2006.04.07"]

1. e4 e5 2. Nf3 Nc6 3. Bb5 Nf6 4. O-O Nxe4 5. d4 Nd6 6. Bxc6 dxc6 7. dxe5 Ne4
8. Qxd8+ Kxd8 9. Rd1+ Ke8 10. Nbd2 Nxd2 11. Bxd2 c5 12. Bg5 Be6 13. Nd2 h6 14.
Bh4 Be7 15. Bxe7 Kxe7 16. Ne4 b6 17. f4 Bf5 18. Re1 Rhd8 19. Kf2 Rd4 20. Kf3
Rad8 21. Rac1 g5 22. fxg5 Bxe4+ 23. Rxe4 hxg5 24. Re2 Ke6 25. Kg3 Rf4 26. Rce1
a5 27. Re3 Rd5 28. R1e2 a4 29. h3 b5 30. Rf3 Rdd4 31. Rxf4 Rxf4 32. Rf2 Re4 33.
Rf6+ Kxe5 34. Rxf7 Rc4 35. Rf2 1/2-1/2

[Event "5. Abierto Ciudad de Dos Hermanas"]
[Site "Dos Hermanas ESP"]
[Date "2006.04.02"]
[Round "4.10"]
[White "Barrero Garcia, Carlos"]
[Black "Khamrakulov, Ibragim S"]
[Result "0-1"]
[WhiteElo "2302"]
[BlackElo "2499"]
[PlyCount "56"]
[EventDate "2006.03.30"]
[EventType "swiss"]
[EventRounds "9"]
[EventCountry "ESP"]
[Source "lmi"]
[SourceDate "2006.04.07"]

1. d4 Nf6 2. c4 e6 3. Nf3 b6 4. g3 Ba6 5. b3 Bb4+ 6. Bd2 Be7 7. Bc3 O-O 8. Bg2
d5 9. Ne5 Bb7 10. O-O Nbd7 11. Nxd7 Qxd7 12. Nd2 Rfd8 13. Qc2 c5 14. Rfd1 Rac8
15. Qb2 dxc4 16. Bxb7 Qxb7 17. bxc4 cxd4 18. Bxd4 Qd7 19. Nf3 Qa4 20. Ne5 Ne4
21. Qb5 Nc3 22. Qxa4 Nxa4 23. Rac1 f6 24. Nf3 Ba3 25. Rb1 Rxc4 26. Rd3 Be7 27.
Rbd1 Rdc8 28. Kg2 e5 0-1